| 000 | 00610nam a2200217Ii 4500 | ||
|---|---|---|---|
| 001 | 20465 | ||
| 003 | CO-ViMGA | ||
| 008 | 241108s9999||||xx |||||||||||||| ||und|| | ||
| 020 | _a9584204203 | ||
| 040 |
_aCO-ViMGA _bspa _erda _cCO-ViMGA |
||
| 041 | 0 | _aspa | |
| 082 | 0 | 4 | _a362.76 G65n |
| 100 | 1 |
_aWilliam Ospina _952678 |
|
| 245 | 1 | 0 | _aLos niños de la guerra |
| 264 | 1 | _aBogotá, Colombia : Editorial Planeta, 2016 | |
| 300 | _avolumen | ||
| 336 |
_atext _btxt _2rdacontent |
||
| 337 |
_aunmediated _bn _2rdamedia |
||
| 338 |
_avolume _bnc _2rdacarrier |
||
| 940 | _aidficha_siabuc: 20120. -- ficha_no_siabuc:20465 | ||
| 999 |
_c47475 _d47475 |
||